• 首页
  • 本馆介绍
  • 公告通知
  • 最新文献
  • 馆藏检索
  • 电子资源
  • 读者导购
  • 参考咨询
  • 我的图书馆
  • 登录
  • 详细信息显示
  • 放入我的书架
  • 预约/预借图书
  • 作者相关作品
  • 分类相关作品
  • 丛书相关作品
  • 出版社相关作品

书目信息

  • 表格格式
  • 工作单格式
  • 卡片格式
题名:
软件调试
    
 
作者: 张银奎 著
分册: 上卷2   Windows平台调试
出版信息: 北京   人民邮电出版社  2021.5
页数: 458页
开本: 26cm
丛书名:
单 册:
中图分类: TP311.562
科图分类:
主题词: 调试软件
电子资源:
ISBN: 978-7-115-53838-3
000 00915nam0 2200241 45
001 012001001955
005 20211013152136.11
010    @a978-7-115-53838-3@dCNY99.50
100    @a20201111d2020 em y0chiy50 ea
101 0  @achi
102    @aCN@b110000
105    @aa z 000yy
106    @ar
200 1  @a软件调试@Aruan jian tiao shi@h上卷2@iWindows平台调试@b专著@f张银奎著
205    @a2版
210    @a北京@c人民邮电出版社@d2021.5
215    @a458页@c图,照片@d26cm
330    @a本书作者围绕软件调试的“生态”系统(ecosystem)、异常(exception)和调试器三条主线,介绍软件调试的相关原理和机制,介绍软件调试的相关原理和机制,探讨可调试性(debuggability)的内涵、意义,以及实现软件可调试性的原则和方法,总结软件调试的理论和最佳实践。
606 0  @a调试软件
690    @aTP311.562@v5
701  0 @a张银奎@Azhang yin kui@c(数据库)@4著
801  0 @aCN@bBJSDL@c20211011
905    @b1337871-4@dTP311.562@e1755:1=2@f4
    
    软件调试.上卷2.Windows平台调试/张银奎著.-2版.-北京:人民邮电出版社,2021.5
    458页:图,照片;26cm
    
    
    ISBN 978-7-115-53838-3:CNY99.50
    本书作者围绕软件调试的“生态”系统(ecosystem)、异常(exception)和调试器三条主线,介绍软件调试的相关原理和机制,介绍软件调试的相关原理和机制,探讨可调试性(debuggability)的内涵、意义,以及实现软件可调试性的原则和方法,总结软件调试的理论和最佳实践。
●
相关链接 在E读中查询图书 在五车中查询图书 在当当中查询图书 在豆瓣中查询图书


正题名:软件调试     索取号:TP311.562/1755:1=2         预约/预借

序号 登录号 条形码 馆藏地/架位号 状态 备注
1 1337871   213378717   第二样本阅览室/ [索取号:TP311.562/1755:1=2] 在馆    
2 1337872   213378726   第三借阅区/ [索取号:TP311.562/1755:1=2] 在馆    
3 1337873   213378735   第三借阅区/ [索取号:TP311.562/1755:1=2] 在馆    
4 1337874   213378744   第三借阅区/ [索取号:TP311.562/1755:1=2] 在馆    
唐山师范学院图书馆 欢迎您!
大连网信软件有限公司© 版权所有